00348 2200145 4500001002100000005001500021035002000036245004600056100001900102300001200121260003500133082000800168084001400176990001200190INLIS00000000000234120250528102300 a0010-05250006331 aHeart Beat (Debar Hati) /cDanielle Steel0 aDanielle Steel a537 hlm aJakarta :bPT. Gramedia,c2005 a813 a813 DAN h a0712642